Business : (Record no. 12)

MARC details
000 -LEADER
fixed length control field 00691nam a2200217 a 4500
001 - CONTROL NUMBER
control field 12
005 - DATE AND TIME OF LATEST TRANSACTION
control field 20221127085831.0
008 - FIXED-LENGTH DATA ELEMENTS--GENERAL INFORMATION
fixed length control field 050920s lxxua 00100 eng d
020 ## - INTERNATIONAL STANDARD BOOK NUMBER
International Standard Book Number 0072537809 :
Terms of availability SR136.00
035 ## - SYSTEM CONTROL NUMBER
System control number 20
082 04 - DEWEY DECIMAL CLASSIFICATION NUMBER
Classification number 658
Item number F945 2004
100 1# - MAIN ENTRY--PERSONAL NAME
Personal name Fry, Fred L.
245 10 - TITLE STATEMENT
Title Business :
Remainder of title an integrative approach /
Statement of responsibility, etc. Fred L. Fry, Charles Stoner, Richard Hattwick.
250 ## - EDITION STATEMENT
Edition statement 3rd ed.
260 ## - PUBLICATION, DISTRIBUTION, ETC.
Place of publication, distribution, etc. Boston, Mass. :
Name of publisher, distributor, etc. McGraw-Hill,
Date of publication, distribution, etc. 2004.
300 ## - PHYSICAL DESCRIPTION
Extent xxxvi, 548 p. ;
Dimensions 26 cm.
Accompanying material 2 CD.
504 ## - BIBLIOGRAPHY, ETC. NOTE
Bibliography, etc. note Includes bibl. references and index.
650 #4 - SUBJECT ADDED ENTRY--TOPICAL TERM
Topical term or geographic name entry element Industrial management
Form subdivision Case studies
700 1# - ADDED ENTRY--PERSONAL NAME
Personal name Stoner, Charles R.,
Relator term jt. auth.
700 1# - ADDED ENTRY--PERSONAL NAME
Personal name Hattwick, Richard E.,
Relator term jt. auth.
Holdings
Withdrawn status Lost status Source of classification or shelving scheme Damaged status Not for loan Home library Current library Date acquired Total Checkouts Full call number Barcode Date last seen Copy number Price effective from Koha item type
          CENTRAL CENTRAL 11/27/2022   658 F945 2004 1000000000255 11/27/2022 C2 11/27/2022 Book
          CENTRAL CENTRAL 11/27/2022   658 F945 2004 1000000005150 11/27/2022 C3 11/27/2022 CD
          CENTRAL CENTRAL 11/27/2022   658 F945 2004 1000000005149 11/27/2022 C4 11/27/2022 CD
          KHOBAR KHOBAR 11/27/2022   658 F945 2004 1000000000256 11/27/2022 C1 11/27/2022 Book